About Muhammad : (Record no. 21398)

MARC details
000 -LEADER
fixed length control field 00701nam a22001937a 4500
003 - CONTROL NUMBER IDENTIFIER
control field BDDh-ASL
005 - DATE AND TIME OF LATEST TRANSACTION
control field 20231015030006.0
008 - FIXED-LENGTH DATA ELEMENTS--GENERAL INFORMATION
fixed length control field 210131s2013 uk ||||| |||| 00| 0 eng d
040 ## - CATALOGING SOURCE
Original cataloging agency BDDh-ASL
Transcribing agency BDDh-ASL
082 ## - DEWEY DECIMAL CLASSIFICATION NUMBER
Classification number 297.64
Item number ABO
245 00 - TITLE STATEMENT
Title About Muhammad :
Remainder of title The other western perspective of Islam, a short anthology of Western Writings on the Prophet Muhammad: from the 18th century to the present /
260 ## - PUBLICATION, DISTRIBUTION, ETC.
Place of publication, distribution, etc. United Kingdom:
Name of publisher, distributor, etc. Legacy Publishing,
Date of publication, distribution, etc. 2013.
300 ## - PHYSICAL DESCRIPTION
Extent 107 p. :
Dimensions 24 cm.
504 ## - BIBLIOGRAPHY, ETC. NOTE
Bibliography, etc. note Includes bibliographical references and index.
650 #0 - SUBJECT ADDED ENTRY--TOPICAL TERM
9 (RLIN) 1652
Topical term or geographic name entry element Islam
650 #0 - SUBJECT ADDED ENTRY--TOPICAL TERM
9 (RLIN) 2239
Topical term or geographic name entry element Prophet
Form subdivision Muhammad (SM.)
700 1# - ADDED ENTRY--PERSONAL NAME
9 (RLIN) 2979
Personal name El-Affendi, Abdelwahab
942 ## - ADDED ENTRY ELEMENTS (KOHA)
Source of classification or shelving scheme Dewey Decimal Classification
Koha item type Books
Holdings
Withdrawn status Lost status Source of classification or shelving scheme Damaged status Not for loan Collection code Home library Current library Shelving location Date acquired Source of acquisition Total Checkouts Full call number Barcode Date last seen Copy number Price effective from Koha item type
    Dewey Decimal Classification     Non-fiction Asiatic Society Library Asiatic Society Library General Stacks 01/31/2021 Complementary   297.64 ABO 105108 01/31/2021 C-1 01/31/2021 Books

Powered by Koha